| 000 | 00373nam a2200145 a 4500 | ||
|---|---|---|---|
| 001 | 633 | ||
| 003 | CDMR | ||
| 005 | 20130704122417.0 | ||
| 008 | 130130s1945||||||||||||||||||||||||||||d | ||
| 040 |
_aCDMR _bcat _cCPC GIRONA |
||
| 100 | 1 |
_aSaussure, Ferdinand de _9477 |
|
| 245 | 1 | 0 |
_aCurso de lingüística general _cde Saussure, Ferdinand |
| 260 |
_c1945 _bLosada |
||
| 942 |
_cMON _2udc |
||
| 999 |
_c633 _d633 |
||